Diosa de las batallas nocturnas / (Record no. 193542)

MARC details
000 -LEADER
campo de control de longitud fija 01899nam a2200313 i 4500
001 - NÚMERO DE CONTROL
campo de control 193542
003 - IDENTIFICADOR DE NÚMERO DE CONTROL
campo de control ES-MaACL
005 - FECHA Y HORA DE LA ÚLTIMA TRANSACCIÓN
campo de control 20250708202616.0
007 - CAMPO FIJO DE DESCRIPCIÓN FÍSICA--INFORMACIÓN GENERAL
campo de control de longitud fija ta
008 - DATOS DE LONGITUD FIJA--INFORMACIÓN GENERAL
campo de control de longitud fija 240105s2022 sp ||||| |||| 00| 0 spa d
020 ## - NÚMERO INTERNACIONAL ESTÁNDAR DEL LIBRO
Número Internacional Estándar del Libro 9788419391001
040 ## - FUENTE DE CATALOGACIÓN
Centro catalogador/agencia de origen ES-MaACL
Centro/agencia transcriptor ES-MaACL
080 ## - NÚMERO DE LA CLASIFICACIÓN DECIMAL UNIVERSAL
Identificador de la edición 821.134.2-31.09"20"
100 ## - ENTRADA PRINCIPAL--NOMBRE DE PERSONA
Nombre de persona Peralta, Luna
9 (RLIN) 234845
Término indicativo de función/relación Autor
245 10 - MENCIÓN DEL TÍTULO
Título Diosa de las batallas nocturnas /
Mención de responsabilidad, etc. Luna Peralta.
250 ## - MENCION DE EDICION
Mención de edición Primera edición: 2022
264 ## - PRODUCCIÓN, PUBLICACIÓN, DISTRIBUCIÓN, FABRICACIÓN Y COPYRIGHT
Producción, publicación, distribución, fabricación y copyright [Lugar no identificado] :
Nombre del de productor, editor, distribuidor, fabricante Universo de las Letras
Fecha de producción, publicación, distribución, fabricación o copyright 2022
300 ## - DESCRIPCIÓN FÍSICA
Extensión 267 páginas ;
Dimensiones 23 cm
500 ## - NOTA GENERAL
Nota general Existe otro mundo aparte del tangible en el que se mueve la realidad que está en la dimensión de los sueños, donde las batallas transcurren de otro modo. Allí Ana es la reina de la imaginación, una ama de casa con dos niños, ocupada en realizar su doctorado acerca de problemas médicos derivados de la diabetes y el cáncer. Ella lucha con moléculas oncogénicas de día y con las peores mezquindades humanas en la noche y los momentos de inconciencia. Lo peor de la raza humana se halla en esos días en las personas influyentes de la política que pretenden huir del planeta ante un posible cataclismo final. ¿Podrá Ana salvar el mundo usando solo su imaginación?
650 #4 - PUNTO DE ACCESO ADICIONAL DE MATERIA--TÉRMINO DE MATERIA
Término de materia o nombre geográfico como elemento de entrada Novela española
Subdivisión cronológica S.XXI
9 (RLIN) 15637
852 ## - LOCALIZACIÓN
Ubicación Es-MaACL
Sublocalización o colección R.154898
Ubicación en estantería Depósito J
Número de control de estantería N-9670
Donativo/Legado Donación: Luna Peralta
Encuadernación Encuadernación rústica con solapas
itemnumber 201164
Anotaciones manuscritas Dedicatoria autógrafa de la autora
Nota libre Incluye marcapáginas con la fotografía de la cubierta
903 ## - NOMBRE PERSONAL DE DONANTE
9 234845
a Peralta, Luna
e Donante
942 ## - ELEMENTOS DE ENTRADA SECUNDARIOS (KOHA)
Suprimir en OPAC No
Tipo de ítem Koha Libro impreso
Holdings
Estatus retirado Estado de pérdida Fuente del sistema de clasificación o colocación Estado de daño No para préstamo Colección Biblioteca de origen Biblioteca actual Ubicación en estantería Fecha de adquisición Fuente de adquisición Total de préstamos Signatura topográfica completa Código de barras Visto por última vez Precio de reemplazo Tipo de ítem Koha Nota pública
    Clasificación decimal universal     Libros con dedicatorias Biblioteca del Ateneo de Madrid Biblioteca del Ateneo de Madrid Depósito J 13/12/2023 Donación   N-9670 101206614 02/02/2024 02/02/2024 Libro impreso Dedicatoria autógrafa de la autora